[Event "Belgrade Trophy 26th"]
[Site "Belgrade"]
[Date "2012.12.01"]
[Round "8"]
[White "Radulovic, Dusko"]
[Black "Manojlovic, Selimir"]
[Result "1/2-1/2"]
[WhiteElo "2263"]
[BlackElo "2084"]
[PlyCount "39"]
[EventDate "2012.11.24"]
[EventType "swiss"]
[EventRounds "9"]
[EventCountry "SRB"]
[SourceTitle "CBM 151 Extra"]
[Source "ChessBase"]
[SourceDate "2012.12.18"]
[SourceVersion "1"]
[SourceVersionDate "2012.12.18"]
[SourceQuality "1"]

1. Nf3 c5 2. c4 Nf6 3. Nc3 Nc6 4. e3 e6 5. d4 d5 6. a3 dxc4 7. Bxc4 a6 8. 0-0 b5 9. Bd3 Bb7 10. dxc5 Bxc5 11. b4 Be7 12. Bb2 0-0 13. Rc1 Qb6 14. Ne4 Nxe4 15. Bxe4 h6 16. Bb1 Rae8 17. Qc2 f5 18. Nd4 Nxd4 19. Bxd4 Qd8 20. Ba2 1/2-1/2

[Event "Belgrade Trophy 26th"]
[Site "Belgrade"]
[Date "2012.11.28"]
[Round "5"]
[White "Manojlovic, Selimir"]
[Black "Ratkovic, Petar"]
[Result "1/2-1/2"]
[WhiteElo "2084"]
[BlackElo "1578"]
[PlyCount "50"]
[EventDate "2012.11.24"]
[EventType "swiss"]
[EventRounds "9"]
[EventCountry "SRB"]
[SourceTitle "CBM 151 Extra"]
[Source "ChessBase"]
[SourceDate "2012.12.18"]
[SourceVersion "1"]
[SourceVersionDate "2012.12.18"]
[SourceQuality "1"]

1. d4 d5 2. Nf3 Nf6 3. Bg5 e6 4. e3 c6 5. Bd3 Nbd7 6. Nbd2 Be7 7. Ne5 0-0 8. Ndf3 Ne4 9. Bf4 c5 10. c3 f6 11. Nxd7 Bxd7 12. Qc2 Bc6 13. Nd2 f5 14. Nf3 Qe8 15. a4 a6 16. Ne5 Bd6 17. f3 Nf6 18. 0-0 Qb8 19. h3 Nd7 20. Nxd7 Bxd7 21. Bxd6 Qxd6 22. f4 b5 23. a5 c4 24. Be2 Rab8 25. Rfb1 Rfc8 1/2-1/2

[Event "SRB-chT3 North CS"]
[Site "Serbia"]
[Date "2012.09.21"]
[Round "1.1"]
[White "Novakovic, Slobodan"]
[Black "Manojlovic, Selimir"]
[Result "1-0"]
[WhiteElo "2204"]
[BlackElo "2084"]
[PlyCount "85"]
[EventDate "2012.09.21"]
[EventType "team"]
[EventRounds "10"]
[EventCountry "SRB"]
[SourceTitle "EXT 2015"]
[Source "ChessBase"]
[SourceDate "2014.11.20"]
[SourceVersion "1"]
[SourceVersionDate "2014.11.20"]
[SourceQuality "1"]

1. c4 Nf6 2. Nc3 c5 3. Nf3 Nc6 4. d4 cxd4 5. Nxd4 d6 6. e4 a6 7. Be2 e6 8. 0-0 Be7 9. Nb3 Bd7 10. Bf4 Ne5 11. c5 Bc6 12. Qd4 Qc7 13. Bg3 h5 14. cxd6 Bxd6 15. f4 Neg4 16. e5 Be7 17. exf6 Bxf6 18. Qd2 Rd8 19. Qe1 Ne3 20. f5 e5 21. Bf3 Nxf1 22. Bxc6+ bxc6 23. Qxf1 a5 24. Ne4 a4 25. Nbc5 Rd5 26. Nxf6+ gxf6 27. Ne4 Ke7 28. Bh4 Qb6+ 29. Kh1 Rh6 30. Qc1 Qd4 31. Qe1 Rb5 32. Rd1 Qb4 33. Qe3 Rd5 34. Rg1 Rh7 35. Bxf6+ Kd7 36. Nc3 Ra5 37. Rd1+ Kc8 38. Qg3 Qg4 39. Rd8+ Kb7 40. Qd3 Ra7 41. Bxe5 Ra5 42. Rb8+ Ka7 43. Qd7+ 1-0

[Event "SRB-Cup"]
[Site "Valjevo"]
[Date "2011.05.20"]
[Round "5.1"]
[White "Irizanin, Radoje"]
[Black "Manojlovic, Selimir"]
[Result "1/2-1/2"]
[WhiteElo "2324"]
[BlackElo "2081"]
[PlyCount "55"]
[EventDate "2011.05.16"]
[EventType "team-swiss"]
[EventRounds "7"]
[EventCountry "YUG"]
[SourceTitle "CBM 142 Extra"]
[Source "ChessBase"]
[SourceDate "2011.06.27"]
[SourceVersion "1"]
[SourceVersionDate "2011.06.27"]
[SourceQuality "1"]
[WhiteTeam "Cacak Borac"]
[BlackTeam "Valjevo Krusik"]
[WhiteTeamCountry "SRB"]
[BlackTeamCountry "SRB"]

1. d4 Nf6 2. Nf3 e6 3. Nbd2 d5 4. e3 Nbd7 5. Bd3 Bd6 6. 0-0 0-0 7. Qe2 c5 8. c3 e5 9. dxe5 Nxe5 10. Nxe5 Bxe5 11. h3 Re8 12. c4 a6 13. Rd1 Qc7 14. cxd5 Nxd5 15. Nf3 Nb4 16. Bb1 Bf6 17. a3 Nc6 18. Qc2 g6 19. Qxc5 Be6 20. Nd4 Rad8 21. Bc2 Bd5 22. Bd2 Re5 23. f4 Rh5 24. Qc3 Qb6 25. Be1 Nxd4 26. exd4 Bc6 27. Bf2 Rhd5 28. Kh2 1/2-1/2

[Event "Belgrade Trophy 23rd"]
[Site "Obrenovac"]
[Date "2010.12.02"]
[Round "9"]
[White "Panic, Anastasija"]
[Black "Manojlovic, Selimir"]
[Result "0-1"]
[WhiteElo "1852"]
[BlackElo "2114"]
[PlyCount "72"]
[EventDate "2010.11.24"]
[EventType "swiss"]
[EventRounds "9"]
[EventCountry "YUG"]
[SourceTitle "CBM 139 Extra"]
[Source "ChessBase"]
[SourceDate "2011.01.05"]
[SourceVersion "1"]
[SourceVersionDate "2011.01.05"]
[SourceQuality "1"]

1. e4 Nc6 2. d4 d5 3. e5 Bf5 4. Nf3 e6 5. Bb5 a6 6. Bd3 Bg4 7. c3 f6 8. exf6 Nxf6 9. Bg5 Be7 10. Nbd2 e5 11. dxe5 Nxe5 12. Be2 Nf7 13. Bxf6 Bxf6 14. 0-0 0-0 15. h3 Bd7 16. Nb3 c6 17. Nc5 Bc8 18. Nd4 Qd6 19. b4 b6 20. Na4 Bd8 21. f4 Nh6 22. Qd2 Bc7 23. Qe3 Bd7 24. Nb2 Rxf4 25. Rxf4 Qxf4 26. Qe7 Qd6 27. Qxd6 Bxd6 28. Bf3 a5 29. Nd3 axb4 30. cxb4 Ra3 31. Rd1 Kf8 32. Rd2 Nf5 33. Nb3 Ne7 34. Rf2 Ke8 35. Re2 Kd8 36. Kf2 Ra4 0-1

[Event "SRB-chT3 North"]
[Site "Kragujevac"]
[Date "2010.10.03"]
[Round "4"]
[White "Simic, Goran"]
[Black "Manojlovic, Selimir"]
[Result "1-0"]
[WhiteElo "2120"]
[BlackElo "2114"]
[PlyCount "62"]
[EventDate "2010.09.12"]
[EventType "team"]
[EventRounds "11"]
[EventCountry "SRB"]
[SourceTitle "EXT 2012"]
[Source "ChessBase"]
[SourceDate "2011.11.24"]
[SourceVersion "1"]
[SourceVersionDate "2011.11.24"]
[SourceQuality "1"]

1. d4 Nf6 2. Nf3 e6 3. e3 c5 4. Bd3 d5 5. b3 Nc6 6. a3 Ne4 7. 0-0 Bd6 8. Bb2 cxd4 9. exd4 f5 10. Nbd2 Qf6 11. c4 g5 12. Ne5 h5 13. f3 Nxd2 14. Qxd2 Rg8 15. cxd5 exd5 16. Bb5 Kf8 17. Nxc6 bxc6 18. Bxc6 Bxh2+ 19. Kxh2 Qxc6 20. Qb4+ Kf7 21. Rac1 a5 22. Rxc6 axb4 23. axb4 Ra2 24. Ra1 Rxa1 25. Bxa1 Be6 26. Bc3 f4 27. Bd2 Ra8 28. b5 Kf6 29. b6 Kf5 30. b7 Rb8 31. Rc7 g4 1-0

[Event "SRB-chT3 North"]
[Site "Kragujevac"]
[Date "2010.09.19"]
[Round "2"]
[White "Manojlovic, Selimir"]
[Black "Vujovic, Radojica"]
[Result "0-1"]
[WhiteElo "2114"]
[BlackElo "2122"]
[PlyCount "72"]
[EventDate "2010.09.12"]
[EventType "team"]
[EventRounds "11"]
[EventCountry "SRB"]
[SourceTitle "EXT 2012"]
[Source "ChessBase"]
[SourceDate "2011.11.24"]
[SourceVersion "1"]
[SourceVersionDate "2011.11.24"]
[SourceQuality "1"]

1. e4 c5 2. Nf3 Nc6 3. d4 cxd4 4. Nxd4 Qc7 5. Nc3 e6 6. Be3 a6 7. f4 d6 8. Be2 Nf6 9. Bf3 Bd7 10. Qe2 Na5 11. g4 Nc4 12. Bc1 0-0-0 13. g5 Ng8 14. Nd1 d5 15. b3 dxe4 16. Bxe4 Nd6 17. Bg2 Ne7 18. Bb2 Ng6 19. 0-0 h6 20. Rf3 Kb8 21. Nf2 hxg5 22. fxg5 e5 23. Rc3 Qb6 24. Nf3 f6 25. Qe3 Qxe3 26. Rxe3 Nf4 27. Bf1 Nf5 28. Rc3 Bc6 29. Rxc6 bxc6 30. Ne4 Kb7 31. gxf6 gxf6 32. Bc4 Be7 33. Kf2 Nh4 34. Rh1 Nxf3 35. Kxf3 Nd5 36. a3 Rdg8 0-1

[Event "SRB-chT3 North"]
[Site "Serbia"]
[Date "2008.10.24"]
[Round "8.4"]
[White "Novakovic, Slobodan"]
[Black "Manojlovic, Selimir"]
[Result "1-0"]
[WhiteElo "2174"]
[BlackElo "2158"]
[PlyCount "71"]
[EventDate "2008.09.14"]
[EventType "team"]
[EventRounds "11"]
[EventCountry "SRB"]
[SourceTitle "EXT 2012"]
[Source "ChessBase"]
[SourceDate "2011.11.24"]
[SourceVersion "1"]
[SourceVersionDate "2011.11.24"]
[SourceQuality "1"]

1. c4 e5 2. Nc3 Nf6 3. Nf3 d6 4. d4 exd4 5. Nxd4 Nc6 6. e4 Bd7 7. Be2 Nxd4 8. Qxd4 Bc6 9. 0-0 Qe7 10. f3 Qe5 11. Qf2 a6 12. Be3 Qe6 13. Rac1 Be7 14. Nd5 Qd7 15. Rfd1 0-0 16. Bd4 Ne8 17. f4 f5 18. e5 Qe6 19. Bf3 dxe5 20. fxe5 Bg5 21. Rc3 Kh8 22. Rcd3 Rf7 23. b3 Rd7 24. Bb2 Rad8 25. Qg3 Qh6 26. Qe1 Qe6 27. Qe2 Be7 28. Kh1 a5 29. Nxe7 Bxf3 30. Qxf3 g5 31. Qf1 Rxd3 32. Rxd3 Rxd3 33. Qxd3 Qxe7 34. Qxf5 Qg7 35. Kg1 g4 36. e6 1-0

[Event "SRB-chT3 North"]
[Site "Serbia"]
[Date "2008.10.23"]
[Round "6.6"]
[White "Manojlovic, Selimir"]
[Black "Njegomir, Miroslav"]
[Result "1-0"]
[WhiteElo "2158"]
[BlackElo "1976"]
[PlyCount "97"]
[EventDate "2008.09.14"]
[EventType "team"]
[EventRounds "11"]
[EventCountry "SRB"]
[SourceTitle "EXT 2012"]
[Source "ChessBase"]
[SourceDate "2011.11.24"]
[SourceVersion "1"]
[SourceVersionDate "2011.11.24"]
[SourceQuality "1"]

1. e4 c5 2. Nf3 d6 3. d4 cxd4 4. Nxd4 Nf6 5. Nc3 a6 6. Bg5 e6 7. f4 Qb6 8. Nb3 h6 9. Bxf6 gxf6 10. Qf3 Nc6 11. 0-0-0 Be7 12. Kb1 Bd7 13. Qh5 Rc8 14. f5 Qc7 15. fxe6 Bxe6 16. Nd5 Bxd5 17. exd5 Ne5 18. c3 Qb6 19. Rd4 Qc7 20. g3 b5 21. Bh3 Rb8 22. Rc1 a5 23. Bf1 a4 24. Nd2 a3 25. b3 Qd7 26. Bh3 Qa7 27. Qe2 b4 28. Rxb4 Rxb4 29. cxb4 0-0 30. Nc4 f5 31. Qe3 Qxe3 32. Nxe3 Bg5 33. Rc3 Re8 34. Nc4 Nxc4 35. bxc4 Re1+ 36. Kc2 Re2+ 37. Kb3 Bf6 38. Rc2 Re3+ 39. Ka4 f4 40. c5 dxc5 41. bxc5 f3 42. Bf1 Bd4 43. d6 Be5 44. Kb5 Kf8 45. Kc6 Ke8 46. Kd5 Bc3 47. c6 Re5+ 48. Kc4 Ba5 49. c7 1-0

[Event "Belgrade Trophy 20th"]
[Site "Belgrade"]
[Date "2007.11.26"]
[Round "5"]
[White "Mlynek, Petr"]
[Black "Manojlovic, Selimir"]
[Result "0-1"]
[WhiteElo "2210"]
[BlackElo "2110"]
[PlyCount "70"]
[EventDate "2007.11.22"]
[EventType "swiss"]
[EventRounds "9"]
[EventCountry "YUG"]
[SourceTitle "CBM 121 Extra"]
[Source "ChessBase"]
[SourceDate "2008.01.10"]
[SourceVersion "1"]
[SourceVersionDate "2008.01.10"]
[SourceQuality "1"]

1. d4 Nf6 2. c4 e6 3. g3 c5 4. Nf3 cxd4 5. Nxd4 Nc6 6. Bg2 Bb4+ 7. Nc3 a6 8. 0-0 0-0 9. e4 Qc7 10. Bg5 Be7 11. Rc1 d6 12. Be3 Bd7 13. Qe2 Rac8 14. b3 Qa5 15. h3 Nxd4 16. Bxd4 b5 17. e5 dxe5 18. Qxe5 Ba3 19. Ne4 Ne8 20. Rcd1 f6 21. Qh5 Qc7 22. cxb5 Bxb5 23. Rfe1 e5 24. Ba1 Qf7 25. Qf5 Qc7 26. Ng5 fxg5 27. Qe6+ Kh8 28. Bxe5 Qc2 29. Bd4 Nf6 30. Qe5 h6 31. Be4 Qc7 32. Qf5 Nxe4 33. Qxe4 Qf7 34. Qg4 Bc5 35. Rc1 Bd7 0-1

[Event "Belgrade Trophy 20th"]
[Site "Belgrade"]
[Date "2007.11.24"]
[Round "3"]
[White "Markovic, Zivota"]
[Black "Manojlovic, Selimir"]
[Result "0-1"]
[WhiteElo "1956"]
[BlackElo "2110"]
[PlyCount "128"]
[EventDate "2007.11.22"]
[EventType "swiss"]
[EventRounds "9"]
[EventCountry "YUG"]
[SourceTitle "CBM 121 Extra"]
[Source "ChessBase"]
[SourceDate "2008.01.10"]
[SourceVersion "1"]
[SourceVersionDate "2008.01.10"]
[SourceQuality "1"]

1. d4 Nf6 2. c4 e6 3. Nc3 Bb4 4. Qc2 d5 5. e3 c5 6. a3 cxd4 7. axb4 dxc3 8. bxc3 dxc4 9. Bxc4 0-0 10. Ne2 Nc6 11. 0-0 b6 12. f3 Qc7 13. Ba3 Ne5 14. Bb3 Nc4 15. Bxc4 Qxc4 16. Rfd1 Bb7 17. Rd4 Qc7 18. Rh4 Rfd8 19. Bb2 e5 20. Ng3 g6 21. c4 Qe7 22. Qc3 Re8 23. Qe1 a6 24. Rc1 Rac8 25. Nf1 Nd7 26. Bc3 Qe6 27. Nd2 f6 28. Qg3 Re7 29. Bb2 Qd6 30. Bc3 Qd3 31. Qe1 Nf8 32. Kf2 Ne6 33. Qe2 Qxe2+ 34. Kxe2 g5 35. Rh3 Rd8 36. g4 Kg7 37. Rg3 Kg6 38. Rh1 Nf4+ 39. Kd1 Rd3 40. Kc2 Rxc3+ 41. Kxc3 Ne2+ 42. Kc2 Nxg3 43. hxg3 h6 44. Rh2 Rd7 45. Kc3 Rh7 46. c5 b5 47. e4 h5 48. gxh5+ Rxh5 49. Rxh5 Kxh5 50. Kd3 g4 51. Ke3 gxf3 52. Nxf3 Kg4 53. Nh4 Kxg3 54. Nf5+ Kg4 55. Ne7 a5 56. bxa5 b4 57. c6 Ba6 58. c7 b3 59. Kd2 f5 60. exf5 e4 61. f6 e3+ 62. Kxe3 b2 63. f7 b1Q 64. f8Q Qd3+ 0-1

[Event "SRB-chT3 North"]
[Site "Serbia"]
[Date "2007.10.14"]
[Round "6"]
[White "Manojlovic, Selimir"]
[Black "Mirkovic, Predrag"]
[Result "1/2-1/2"]
[WhiteElo "2110"]
[BlackElo "2057"]
[PlyCount "83"]
[EventDate "2007.09.02"]
[EventType "team"]
[EventRounds "11"]
[EventCountry "SRB"]
[SourceTitle "EXT 2012"]
[Source "ChessBase"]
[SourceDate "2011.11.24"]
[SourceVersion "1"]
[SourceVersionDate "2011.11.24"]
[SourceQuality "1"]
[WhiteTeam "Valjevo Krusik"]
[BlackTeam "Lajkovac Zeleznicar"]
[WhiteTeamCountry "SRB"]
[BlackTeamCountry "SRB"]

1. d4 Nf6 2. Bg5 c5 3. dxc5 Qa5+ 4. Bd2 Qxc5 5. Nc3 d5 6. e3 Bf5 7. Nf3 Nc6 8. Bd3 Bg4 9. h3 Bh5 10. a3 e5 11. e4 dxe4 12. Nxe4 Nxe4 13. Bxe4 Rd8 14. c3 Qc4 15. Qe2 Qxe2+ 16. Kxe2 Bd6 17. Be3 0-0 18. g4 Bg6 19. Bxg6 hxg6 20. Ng5 Rfe8 21. Ne4 Bf8 22. Rad1 Nd4+ 23. cxd4 exd4 24. Rxd4 Rxd4 25. Bxd4 Rxe4+ 26. Kd3 f5 27. Bxa7 Ra4 28. Bd4 b5 29. Rc1 Ra8 30. Rc6 Rd8 31. g5 Kf7 32. Kc3 Rd5 33. Rc7+ Be7 34. f4 Ke6 35. Rc6+ Kf7 36. Rb6 Bd6 37. Rb7+ Kf8 38. Bxg7+ Ke8 39. Be5 Bxe5+ 40. fxe5 f4 41. Rb6 Rxe5 42. Rf6 1/2-1/2

[Event "Belgrade Trophy 19th"]
[Site "Belgrade"]
[Date "2006.11.28"]
[Round "7"]
[White "Manojlovic, Selimir"]
[Black "Begovic, Ivan"]
[Result "1-0"]
[WhiteElo "2165"]
[BlackElo "1967"]
[PlyCount "63"]
[EventDate "2006.11.22"]
[EventType "swiss"]
[EventRounds "9"]
[EventCountry "YUG"]
[SourceTitle "CBM 115 Extra"]
[Source "ChessBase"]
[SourceDate "2007.01.10"]
[SourceVersion "1"]
[SourceVersionDate "2007.01.10"]
[SourceQuality "1"]

1. e4 c5 2. Nf3 Nc6 3. d4 cxd4 4. Nxd4 d6 5. c4 Nf6 6. Nc3 Bd7 7. Be2 g6 8. Be3 Bg7 9. f3 h5 10. Qd2 a6 11. 0-0 Ne5 12. b3 h4 13. Rad1 Qa5 14. h3 Nh5 15. Nd5 Qd8 16. f4 Nc6 17. Nxc6 bxc6 18. Bb6 Qb8 19. Nc7+ Kf8 20. Nxa8 Qxa8 21. Bd4 Ng3 22. Rf2 Nxe4 23. Bxg7+ Kg8 24. Qd4 c5 25. Qa1 Rh7 26. Bf3 Rxg7 27. Bxe4 Qxe4 28. Re1 Qd3 29. Rxe7 Bxh3 30. Rf3 Qf5 31. Rxh3 Qxf4 32. Rf3 1-0